000 02539cam a2200313 a 4500
001 60
003 BD-RjUL
005 20211208233113.0
008 131203r20052004ii ado 001 0 eng d
020 _a0131006819
020 _a8120323556
035 _a(BD-RjUL)65
040 _aDLC
_cDLC
_dBD-RjUL
_beng
041 _aeng
082 0 0 _a004.6
_221
_bSTD
100 1 _aStallings, William.
_9758
245 1 0 _aData and computer communications /
_cWilliam Stallings.
250 _a7th ed.
260 _aUpper Saddle River, N.J ;
_aNew Delhi :
_bPrentice Hall,
_cc2004 [Reprinted 2005].
300 _axvi, 847 p. :
_bill. ;
_c24 cm.
504 _aIncludes bibliographical references (p. [815]-822) and index.
505 0 _a Web Site for Data and Computer Communications -- A Communications Model -- Data Communications -- Data Communication Networking -- Protocols and Protocol Architecture -- Standards -- Standards Organizations -- Internet and Web Resources -- Protocols and Architecture -- Protocols -- OSI -- TCP/IP -- Data Communications -- Data Transmission -- Concepts and Terminology -- Analog and Digital Data Transmission -- Transmission Impairments -- Fourier Analysis -- Decibels and Signal Strength -- Transmission Media -- Guided Transmission Media -- Wireless Transmission -- Data Encoding -- Digital Data, Digital Signals -- Digital Data, Analog Signals -- Analog Data, Digital Signals -- Analog Data, Analog Signals -- Spread Spectrum -- Proof of the Sampling Theorem -- The Data Communication Interface -- Asynchronous and Synchronous Transmission -- Line Configurations -- Interfacing -- Data Link Control -- Flow Control -- Error Detection -- Error Control -- High-Level Data Link Control (HDLC) -- Other Data Link Control Protocols -- Multiplexing -- Frequency-Division Multiplexing -- Synchronous Time-Division Multiplexing -- Statistical Time-Division Multiplexing -- Asymmetric Digital Subscriber Line -- xDSL -- Wide Area Networks -- Circuit Switching -- Switching Networks -- Circuit Switching Networks -- Circuit Switching Concepts -- Routing in Circuit-Switching Networks -- Control Signaling -- Packet Switching -- Packet Switching Principles -- Routing -- X.25 -- Least-Cost Algorithms -- ATM and Frame Relay.
650 0 _aData transmission systems.
_9407
650 0 _aComputer networks.
_95009
856 4 _3WorldCat details.
_uhttp://www.worldcat.org/title/data-and-computer-communications/oclc/52133257&referer=brief_results
942 _2ddc
_cBK
999 _c60
_d60